000 00556nam a2200157Ia 4500
008 170221s9999 xx 000 0 und d
100 _aAwobamise Ayodeji Olalekan
245 2 _aA Comparative Discourse Analysis of Western and Local (Nigerian) Media Depictions of the Presidential Pardon of Diepreye Alamieyeseigha
245 _cAwobamise Ayodeji Olalekan
260 _bOnline Journal of Communication and Media Technologies
260 _c2013
300 _a2 :
650 _xCommunication
650 _xMedia Arts
856 _uhttp://www.ojcmt.net/
999 _c308832
_d308832